000 00558nam a22001697a 4500
003 OSt
005 20140310182336.0
008 130316t xxu||||| |||| 00| 0 eng d
020 _a0394877446
050 _aPZ7
_b.H2888Vj 1986
082 _aGS 823
_b H29v 1986
245 _aA visit to the Sesame Street library
_bfeaturing Jim Henson's Sesame Street Muppets
_cDeborah Hautzig ; illustrated by Joe Mathieu
260 _aNew York, N.Y.
_bRandom House/Children's Television Workshop
_c1986
300 _a32 p.
_c21 cm.
942 _2lcc
_cBK-GS
999 _c12059
_d12059